000
00315 a2200145 4500
003
Nust
005
20170207154118.0
040
_c
Nust
082
_a
891.914
100
_a
Col Muhammad Khan
245
_a
Bazam Ariaan
260
_a
Lahore
_b
Ghalib Publishers
300
_a
232 pages
538
_a
Almirah No.67, Shelf No.2
942
_2
ddc
_c
BK
999
_c
194159
_d
194159